[Event "Barcelona Sant Marti op-A 15th"]
[Site "Barcelona"]
[Date "2013.07.17"]
[Round "5"]
[White "Barba Rios, Enric"]
[Black "Zemlicka, Vit"]
[Result "1-0"]
[WhiteElo "1956"]
[BlackElo "2016"]
[PlyCount "31"]
[EventDate "2013.07.13"]
[EventType "swiss"]
[EventRounds "9"]
[EventCountry "ESP"]
[SourceTitle "CBM 155 Extra"]
[Source "ChessBase"]
[SourceDate "2013.08.26"]
[SourceVersion "1"]
[SourceVersionDate "2013.08.26"]
[SourceQuality "1"]

1. e4 e5 2. Nf3 Nc6 3. Bc4 Nf6 4. Ng5 d5 5. exd5 Na5 6. Bb5+ c6 7. dxc6 bxc6 8. Qf3 Rb8 9. Ba4 Rb4 10. Bb3 Nxb3 11. axb3 h6 12. Nxf7 Kxf7 13. Qxc6 Re4+ 14. Kf1 Be6 15. Nc3 Qd4 16. Ra4 1-0

[Event "Barcelona Sant Marti op-A 15th"]
[Site "Barcelona"]
[Date "2013.07.16"]
[Round "4"]
[White "Barcelo Sola, David"]
[Black "Barba Rios, Enric"]
[Result "1-0"]
[WhiteElo "2075"]
[BlackElo "1956"]
[PlyCount "69"]
[EventDate "2013.07.13"]
[EventType "swiss"]
[EventRounds "9"]
[EventCountry "ESP"]
[SourceTitle "CBM 155 Extra"]
[Source "ChessBase"]
[SourceDate "2013.08.26"]
[SourceVersion "1"]
[SourceVersionDate "2013.08.26"]
[SourceQuality "1"]

1. e4 c5 2. Nf3 Nc6 3. Bb5 d6 4. d4 cxd4 5. Qxd4 Bd7 6. Bxc6 Bxc6 7. Nc3 e5 8. Qd3 Ne7 9. Be3 Qc7 10. 0-0-0 Ng6 11. h4 Be7 12. Kb1 a6 13. h5 Nf8 14. Nd2 b5 15. Nb3 Nd7 16. g4 Nb6 17. Na5 Bd7 18. Bxb6 Qxb6 19. Nd5 Qxa5 20. Nxe7 Be6 21. Nd5 b4 22. g5 Rc8 23. g6 fxg6 24. hxg6 h6 25. Qb3 Qc5 26. Nc7+ Rxc7 27. Qxe6+ Kf8 28. Rd2 Qc6 29. Rhd1 Qd7 30. Qxe5 Qe7 31. Qf5+ Qf6 32. Rxd6 Qxf5 33. exf5 Re7 34. Rd8+ Re8 35. R1d7 1-0

[Event "Barcelona Sant Marti op-A 15th"]
[Site "Barcelona"]
[Date "2013.07.13"]
[Round "1"]
[White "Lovik, Lasse Ostebo"]
[Black "Barba Rios, Enric"]
[Result "1-0"]
[WhiteElo "2311"]
[BlackElo "1956"]
[PlyCount "95"]
[EventDate "2013.07.13"]
[EventType "swiss"]
[EventRounds "9"]
[EventCountry "ESP"]
[SourceTitle "CBM 155 Extra"]
[Source "ChessBase"]
[SourceDate "2013.08.26"]
[SourceVersion "1"]
[SourceVersionDate "2013.08.26"]
[SourceQuality "1"]

1. Nf3 Nf6 2. c4 c6 3. d4 d5 4. e3 e6 5. b3 Nbd7 6. Bb2 Ne4 7. Bd3 f5 8. 0-0 Be7 9. Nfd2 0-0 10. f3 Nxd2 11. Nxd2 Nf6 12. Qc2 Bd7 13. Rae1 b5 14. c5 g6 15. Rf2 Nh5 16. g3 Qc7 17. Rg2 Rf7 18. Nf1 Re8 19. g4 Ng7 20. e4 f4 21. Bc3 Ref8 22. b4 Bh4 23. Ra1 a6 24. a4 Rb8 25. Qb3 Ne8 26. Nd2 Kg7 27. Kh1 Nf6 28. g5 Nh5 29. axb5 axb5 30. Qc2 Qd8 31. Rag1 Qe7 32. e5 Rbf8 33. Nf1 Rf5 34. Bxf5 Rxf5 35. Rg4 Bxg5 36. Qg2 h6 37. h4 Bxh4 38. Rxg6+ Kf8 39. Rxh6 Ng3+ 40. Nxg3 Bxg3 41. Qh3 Ke8 42. Rh8+ Rf8 43. Ra1 Kd8 44. Ra8+ Bc8 45. Qh6 Re8 46. Rh7 Qf8 47. Qg5+ Re7 48. Rxe7 1-0

[Event "Sant Adria de Besos op 08th"]
[Site "Sant Adria de Besos"]
[Date "2012.06.03"]
[Round "8"]
[White "Barba Rios, Enric"]
[Black "Serrano Pertinez, Miquel"]
[Result "1/2-1/2"]
[WhiteElo "1840"]
[BlackElo "2086"]
[PlyCount "82"]
[EventDate "2012.04.15"]
[EventType "swiss"]
[EventRounds "9"]
[EventCountry "ESP"]
[SourceTitle "CBM 148 Extra"]
[Source "ChessBase"]
[SourceDate "2012.06.22"]
[SourceVersion "1"]
[SourceVersionDate "2012.06.22"]
[SourceQuality "1"]

1. e4 c5 2. Nf3 e6 3. d4 cxd4 4. Nxd4 Nf6 5. Nc3 Bb4 6. e5 Nd5 7. Bd2 Nxc3 8. bxc3 Be7 9. Qg4 g6 10. h4 Nc6 11. Nxc6 dxc6 12. Bd3 Qd5 13. Qg3 Bd7 14. c4 Qc5 15. Rb1 0-0-0 16. 0-0 Qd4 17. Be3 Qxh4 18. Qxh4 Bxh4 19. Bxa7 Be8 20. a4 f5 21. a5 Rd7 22. Bb6 Bd8 23. c5 Bxb6 24. Rxb6 Rc7 25. a6 bxa6 26. Rd1 Kd7 27. Bxa6+ Ke7 28. Rb8 Rf8 29. Rdd8 Rd7 30. Rxd7+ Bxd7 31. Rxf8 Kxf8 32. Kf1 g5 33. g3 Kg7 34. f4 Kg6 35. Kf2 h5 36. Kg2 h4 37. Kh3 Kh6 38. gxh4 gxf4 39. Kg2 Kh5 40. Kf3 Kxh4 41. Kxf4 Kh5 1/2-1/2

[Event "Llinars del Valles op-A 6th"]
[Site "Llinars del Valles"]
[Date "2012.04.28"]
[Round "3"]
[White "Barba Rios, Enric"]
[Black "Simon del Sol, Jaume"]
[Result "1/2-1/2"]
[WhiteElo "1840"]
[BlackElo "2011"]
[PlyCount "112"]
[EventDate "2012.04.14"]
[EventType "swiss"]
[EventRounds "9"]
[EventCountry "ESP"]
[SourceTitle "EXT 2013"]
[Source "ChessBase"]
[SourceDate "2012.11.22"]
[SourceVersion "1"]
[SourceVersionDate "2012.11.22"]
[SourceQuality "1"]

1. e4 g6 2. d4 Bg7 3. Nf3 d6 4. c4 c5 5. d5 Bg4 6. Qb3 Qc7 7. Bf4 Nd7 8. Be2 Ngf6 9. Nc3 0-0 10. 0-0 Ne5 11. Bxe5 dxe5 12. Rad1 Ne8 13. Nb5 Qb8 14. Qe3 Bxf3 15. Bxf3 Nd6 16. Be2 a6 17. Nc3 Qc7 18. h4 Rab8 19. h5 b5 20. hxg6 hxg6 21. cxb5 axb5 22. a4 bxa4 23. Nxa4 Rb4 24. Nxc5 Rxb2 25. Nd3 Nc4 26. Qf3 Nd2 27. Qg4 Rc2 28. Rfe1 Qc8 29. Qxc8 Rfxc8 30. Nb4 Rb2 31. Nc6 Bf6 32. f4 exf4 33. e5 Bg5 34. Bg4 Ra8 35. d6 exd6 36. exd6 Nc4 37. d7 Ne3 38. Bf3 Nxd1 39. Re8+ Kg7 40. Rxa8 Rb1 41. Kh2 Bh4 42. Bxd1 Rxd1 43. d8Q Bxd8 44. Rxd8 Rxd8 45. Nxd8 g5 46. Kg1 f5 47. Kf2 Kf6 48. Kf3 Ke5 49. Nc6+ Kd5 50. Nb4+ Ke5 51. Nd3+ Ke6 52. Ke2 Kd5 53. Nf2 g4 54. Kd3 Ke5 55. Nd1 f3 56. gxf3 gxf3 1/2-1/2

[Event "Llinars del Valles op-A 6th"]
[Site "Llinars del Valles"]
[Date "2012.04.21"]
[Round "2"]
[White "Herms Agullo, Jordi"]
[Black "Barba Rios, Enric"]
[Result "1-0"]
[WhiteElo "2095"]
[BlackElo "1840"]
[PlyCount "45"]
[EventDate "2012.04.14"]
[EventType "swiss"]
[EventRounds "9"]
[EventCountry "ESP"]
[SourceTitle "EXT 2013"]
[Source "ChessBase"]
[SourceDate "2012.11.22"]
[SourceVersion "1"]
[SourceVersionDate "2012.11.22"]
[SourceQuality "1"]

1. e4 c5 2. Nc3 e6 3. Nf3 Nc6 4. d4 cxd4 5. Nxd4 d5 6. exd5 exd5 7. Bb5 Nge7 8. Bg5 Qd6 9. 0-0 a6 10. Re1 Bd7 11. Bxc6 bxc6 12. Qe2 c5 13. Bxe7 Bxe7 14. Nxd5 cxd4 15. Qxe7+ Qxe7 16. Rxe7+ Kd8 17. Rd1 Rc8 18. Rxd4 Be6 19. Ra7 Bxd5 20. Rxd5+ Ke8 21. c3 Rb8 22. b3 h5 23. Rxa6 1-0

[Event "Sabadell Coral Colon op 6th"]
[Site "Sabadell"]
[Date "2012.04.04"]
[Round "9"]
[White "Barba Rios, Enric"]
[Black "Diaz Camallonga, Carles"]
[Result "0-1"]
[WhiteElo "1840"]
[BlackElo "2039"]
[PlyCount "92"]
[EventDate "2012.02.10"]
[EventType "swiss"]
[EventRounds "9"]
[EventCountry "ESP"]
[SourceTitle "EXT 2014"]
[Source "ChessBase"]
[SourceDate "2013.11.20"]
[SourceVersion "1"]
[SourceVersionDate "2013.11.20"]
[SourceQuality "1"]

1. e4 c5 2. f4 e6 3. Nf3 d5 4. Bb5+ Bd7 5. Bxd7+ Qxd7 6. e5 Nc6 7. Nc3 h5 8. a3 Nh6 9. d4 cxd4 10. Ne2 Bc5 11. Nexd4 Nxd4 12. Nxd4 Bxd4 13. Qxd4 Nf5 14. Qf2 Rc8 15. c3 d4 16. Bd2 Qb5 17. cxd4 Qxb2 18. 0-0 Qxd4 19. Bb4 Rc2 20. Qxd4 Nxd4 21. Rf2 Rxf2 22. Kxf2 Nc6 23. Ke3 Kd7 24. Bd6 Rc8 25. Rd1 Ke8 26. Rc1 Ne7 27. Rxc8+ Nxc8 28. Bb4 Nb6 29. Ke4 Nd5 30. Be1 g6 31. h3 Kd7 32. g4 hxg4 33. hxg4 Kc6 34. f5 gxf5+ 35. gxf5 Kb5 36. Bd2 Kc4 37. Bh6 b5 38. f6 a5 39. Bf8 b4 40. axb4 axb4 41. Be7 b3 42. Ba3 Kc3 43. Kf3 b2 44. Bxb2+ Kxb2 45. Kg4 Kc3 46. Kh5 Kd4 0-1

[Event "Sabadell Coral Colon op 6th"]
[Site "Sabadell"]
[Date "2012.03.23"]
[Round "7"]
[White "Barba Rios, Enric"]
[Black "Campos Cayuela, Teotista"]
[Result "1-0"]
[WhiteElo "1840"]
[BlackElo "1941"]
[PlyCount "35"]
[EventDate "2012.02.10"]
[EventType "swiss"]
[EventRounds "9"]
[EventCountry "ESP"]
[SourceTitle "EXT 2014"]
[Source "ChessBase"]
[SourceDate "2013.11.20"]
[SourceVersion "1"]
[SourceVersionDate "2013.11.20"]
[SourceQuality "1"]

1. e4 e6 2. c4 d5 3. exd5 exd5 4. cxd5 Nf6 5. Nc3 Nxd5 6. Bc4 Nb4 7. d4 Bf5 8. Qf3 Nc2+ 9. Kf1 Nxd4 10. Qxb7 Ndc6 11. Bd5 Bd3+ 12. Nge2 Bxe2+ 13. Kxe2 Nd4+ 14. Kf1 Bc5 15. Na4 0-0 16. Nxc5 Qe7 17. Ne4 c6 18. Qxe7 1-0

[Event "Mollet del Valles 80 Anniv op-B"]
[Site "Mollet del Valles"]
[Date "2011.12.10"]
[Round "7.3"]
[White "Barba Rios, Enric"]
[Black "Porta Tovar, Guillem"]
[Result "1/2-1/2"]
[WhiteElo "1855"]
[BlackElo "1734"]
[PlyCount "238"]
[EventDate "2011.12.04"]
[EventType "swiss"]
[EventRounds "8"]
[EventCountry "ESP"]
[SourceTitle "EXT 2024"]
[Source "ChessBase"]
[SourceDate "2023.10.10"]
[SourceVersion "1"]
[SourceVersionDate "2023.10.10"]
[SourceQuality "1"]

1. e4 e5 2. Nf3 Nc6 3. c3 d5 4. Qa4 f6 5. Bb5 Nge7 6. 0-0 Be6 7. d3 a6 8. Bxc6+ Nxc6 9. Be3 Qd7 10. Na3 Bd6 11. Rfd1 0-0 12. d4 dxe4 13. dxe5 Nxe5 14. Qxe4 Qc6 15. Qxc6 Nxc6 16. Nc2 Bf5 17. Ncd4 Nxd4 18. Nxd4 Bg6 19. Ne6 Rfe8 20. Rxd6 cxd6 21. Nc7 Rxe3 22. fxe3 Rc8 23. Nd5 Kf8 24. Rd1 Bf7 25. a3 Rc5 26. Nf4 Ke7 27. h3 Bc4 28. Kf2 g5 29. Ne2 Rf5+ 30. Ke1 d5 31. Rd4 h5 32. Ng3 Re5 33. e4 h4 34. Nf5+ Ke6 35. Ne3 b5 36. exd5+ Bxd5 37. Kf2 Rxe3 38. Rxd5 Rxc3 39. Rd2 Rc5 40. Kf3 Re5 41. Rc2 Kd5 42. Rd2+ Kc4 43. Rd6 Rf5+ 44. Ke3 a5 45. Ke4 Rf4+ 46. Ke3 b4 47. axb4 axb4 48. Rd3 Rf1 49. b3+ Kc5 50. Ke2 Rc1 51. Rf3 Rc2+ 52. Kd3 Rc3+ 53. Ke4 Rxf3 54. gxf3 Kd6 55. Kf5 Ke7 56. f4 gxf4 57. Kxf4 Ke6 58. Kg4 Ke5 59. Kxh4 Kf4 60. Kh5 f5 61. h4 Kg3 62. Kg6 f4 63. h5 f3 64. h6 f2 65. h7 f1Q 66. h8Q Qb1+ 67. Kg5 Qxb3 68. Qh4+ Kg2 69. Qe4+ Kf2 70. Qf4+ Ke2 71. Qh2+ Kd1 72. Qg1+ Kc2 73. Qf2+ Kb1 74. Qe1+ Ka2 75. Qd2+ Qb2 76. Qd5+ b3 77. Kf4 Qf2+ 78. Kg4 Qg1+ 79. Kf4 Qc1+ 80. Kg4 Qa3 81. Kf3 Qb4 82. Ke2 Qc3 83. Kd1 Qc2+ 84. Ke1 Kb1 85. Qa5 Qe4+ 86. Kd2 b2 87. Qc3 Qd5+ 88. Ke2 Qg2+ 89. Ke1 Qc2 90. Qa3 Qc4 91. Kd2 Qd4+ 92. Ke2 Kc2 93. Qa2 Qc3 94. Qa4+ Kb1 95. Kf1 Kc1 96. Qf4+ Qd2 97. Qc4+ Kb1 98. Qa6 Kc2 99. Qc4+ Qc3 100. Qa4+ Kd3 101. Qd1+ Kc4 102. Qg4+ Kb3 103. Qd1+ Kb4 104. Qd6+ Ka4 105. Qd1+ Qb3 106. Qd4+ Ka3 107. Qc5+ Ka2 108. Qa5+ Qa3 109. Qd5+ Ka1 110. Qd4 Qf3+ 111. Kg1 Qe2 112. Kh1 Kb1 113. Qc5 Qc2 114. Qa3 Qd2 115. Qa6 Kc1 116. Qa3 Kd1 117. Qb3+ Ke1 118. Qg3+ Qf2 119. Qc3+ Kf1 1/2-1/2

[Event "Cerdanyola del Valles op-A 29th"]
[Site "Cerdanyola del Valles"]
[Date "2011.11.05"]
[Round "5"]
[White "Gonzalez Garcia, Sergi"]
[Black "Barba Rios, Enric"]
[Result "1-0"]
[WhiteElo "1776"]
[BlackElo "1863"]
[PlyCount "91"]
[EventDate "2011.10.01"]
[EventType "swiss"]
[EventRounds "8"]
[EventCountry "ESP"]
[SourceTitle "EXT 2013"]
[Source "ChessBase"]
[SourceDate "2012.11.22"]
[SourceVersion "1"]
[SourceVersionDate "2012.11.22"]
[SourceQuality "1"]

1. e4 c5 2. Nf3 Nf6 3. Nc3 Nc6 4. d4 cxd4 5. Nxd4 e5 6. Ndb5 d6 7. Bg5 a6 8. Na3 Be7 9. Bxf6 Bxf6 10. Nd5 0-0 11. h4 Be6 12. c3 Bxd5 13. Qxd5 Qb6 14. Nc4 Qc5 15. Qxd6 Qxd6 16. Nxd6 b5 17. Nf5 Rfd8 18. Be2 b4 19. c4 g6 20. Ne3 a5 21. Nd5 Bg7 22. Bd3 Nd4 23. 0-0-0 Rdb8 24. g4 a4 25. g5 h6 26. Rh3 a3 27. b3 Ne6 28. Bc2 Nd4 29. Rhd3 Ra6 30. R1d2 Rd6 31. f4 Rd7 32. fxe5 Nxc2 33. Nf6+ Bxf6 34. Rxd7 Bxg5 35. hxg5 Ne3 36. Rd8+ Rxd8 37. Rxd8+ Kg7 38. c5 h5 39. Rd2 h4 40. c6 Nf1 41. Rf2 Ng3 42. c7 Nxe4 43. Rxf7+ Kxf7 44. c8Q Nxg5 45. Qd7+ Kg8 46. Qd8+ 1-0